| 000 | 00641nam a2200253Ia 4500 | ||
|---|---|---|---|
| 001 | Para_3736 | ||
| 003 | CHAP | ||
| 008 | 220125s1955 xx 000 0 und d | ||
| 010 | _a202171 | ||
| 040 | _cCHAP | ||
| 082 | _aPA 621.367 S8 | ||
| 100 |
_aStockler, Heinrich _9109835 |
||
| 245 |
_aThe Leica in professional practice / _c Heinrich Stochler |
||
| 260 |
_aLondon : _b Fountain |
||
| 300 | _a340 p. | ||
| 650 |
_aFotografĂa _942710 |
||
| 901 | _aPA 621.367 S8 | ||
| 902 | _aA | ||
| 905 | _a0000001955 enka 0000000000 00 | ||
| 910 | _a1955 | ||
| 942 | _cPARA | ||
| 942 |
_cPARA _d1 |
||
| 999 |
_c202171 _d202171 |
||